00700nam a2200193 a 4500008004100000020001500041050001600056100002200072245002400094246004900118260002900167300001600196350000900212650001500221650001300236995009600249999001700345952014400362120416s1991 ||||||||||||||||| || u a074940373X aHF 5386 Kak aKakabadse, Andrew14aThe wealth creators atop people, top teams and executive practice aLondonbKogan Pagec1991 a229p. : ill a0.00 0aMANAGEMENT 0aBUSINESS D0.00FCBU-MAIN LIBRARY (Kitwe)H1I11.95M1UAVAILABLEZMain Library Open Access Collection c61547d61547 00102lcc4070a001b001cMain Library Open Access Collectiond2022-11-30l1oHF 5386 Kakp004857r2025-04-29s2025-04-08w2022-11-30y002